Lack of proapoptotic activity of soluble CD95 ligand is due to its failure to induce CD95 oligomers
CD95 and CD95 ligand (CD95L) are critical molecules of the immune system. They play an important role in regulating T cell apoptosis. The membrane form of CD95L can be cleaved to release a soluble version, which possesses reduced apoptotic activity. In this study, we formally demonstrate th...
Saved in:
| Main Authors: | , , |
|---|---|
| Format: | Article (Journal) |
| Language: | English |
| Published: |
2003
|
| In: |
Journal of interferon & cytokine research
Year: 2003, Volume: 23, Issue: 8, Pages: 441-447 |
| ISSN: | 1557-7465 |
| DOI: | 10.1089/107999003322277856 |
| Online Access: | Verlag, lizenzpflichtig, Volltext: https://doi.org/10.1089/107999003322277856 Verlag, lizenzpflichtig, Volltext: https://www.liebertpub.com/doi/10.1089/107999003322277856 |
| Author Notes: | Sihyug Jang, Peter H. Krammer, and Padmini Salgame |
MARC
| LEADER | 00000caa a2200000 c 4500 | ||
|---|---|---|---|
| 001 | 1753333377 | ||
| 003 | DE-627 | ||
| 005 | 20220819160037.0 | ||
| 007 | cr uuu---uuuuu | ||
| 008 | 210408s2003 xx |||||o 00| ||eng c | ||
| 024 | 7 | |a 10.1089/107999003322277856 |2 doi | |
| 035 | |a (DE-627)1753333377 | ||
| 035 | |a (DE-599)KXP1753333377 | ||
| 035 | |a (OCoLC)1341403774 | ||
| 040 | |a DE-627 |b ger |c DE-627 |e rda | ||
| 041 | |a eng | ||
| 084 | |a 33 |2 sdnb | ||
| 100 | 1 | |a Jang, Sihyug |e VerfasserIn |0 (DE-588)1230997431 |0 (DE-627)1753332427 |4 aut | |
| 245 | 1 | 0 | |a Lack of proapoptotic activity of soluble CD95 ligand is due to its failure to induce CD95 oligomers |c Sihyug Jang, Peter H. Krammer, and Padmini Salgame |
| 264 | 1 | |c 2003 | |
| 300 | |a 7 | ||
| 336 | |a Text |b txt |2 rdacontent | ||
| 337 | |a Computermedien |b c |2 rdamedia | ||
| 338 | |a Online-Ressource |b cr |2 rdacarrier | ||
| 500 | |a Published online: 7 Jul 2004 | ||
| 500 | |a Elektronische Reproduktion der Druck-Ausgabe | ||
| 500 | |a Gesehen am 08.04.2021 | ||
| 520 | |a CD95 and CD95 ligand (CD95L) are critical molecules of the immune system. They play an important role in regulating T cell apoptosis. The membrane form of CD95L can be cleaved to release a soluble version, which possesses reduced apoptotic activity. In this study, we formally demonstrate that the reduced activity of soluble CD95L is due to its inability to oligomerize the CD95 receptor, an event that is critical for initiating death signaling from the receptor. | ||
| 700 | 1 | |a Krammer, Peter H. |d 1946- |e VerfasserIn |0 (DE-588)121766373 |0 (DE-627)081520255 |0 (DE-576)292873417 |4 aut | |
| 700 | 1 | |a Salgame, Padmini |e VerfasserIn |0 (DE-588)123099775X |0 (DE-627)1753333261 |4 aut | |
| 773 | 0 | 8 | |i Enthalten in |t Journal of interferon & cytokine research |d Larchmont, NY : Liebert, 1995 |g 23(2003), 8, Seite 441-447 |h Online-Ressource |w (DE-627)300595697 |w (DE-600)1483128-4 |w (DE-576)306828650 |x 1557-7465 |7 nnas |a Lack of proapoptotic activity of soluble CD95 ligand is due to its failure to induce CD95 oligomers |
| 773 | 1 | 8 | |g volume:23 |g year:2003 |g number:8 |g pages:441-447 |g extent:7 |a Lack of proapoptotic activity of soluble CD95 ligand is due to its failure to induce CD95 oligomers |
| 856 | 4 | 0 | |u https://doi.org/10.1089/107999003322277856 |x Verlag |x Resolving-System |z lizenzpflichtig |3 Volltext |
| 856 | 4 | 0 | |u https://www.liebertpub.com/doi/10.1089/107999003322277856 |x Verlag |z lizenzpflichtig |3 Volltext |
| 951 | |a AR | ||
| 992 | |a 20210408 | ||
| 993 | |a Article | ||
| 994 | |a 2003 | ||
| 998 | |g 121766373 |a Krammer, Peter H. |m 121766373:Krammer, Peter H. |d 50000 |e 50000PK121766373 |k 0/50000/ |p 2 | ||
| 999 | |a KXP-PPN1753333377 |e 3903279927 | ||
| BIB | |a Y | ||
| SER | |a journal | ||
| JSO | |a {"name":{"displayForm":["Sihyug Jang, Peter H. Krammer, and Padmini Salgame"]},"id":{"eki":["1753333377"],"doi":["10.1089/107999003322277856"]},"origin":[{"dateIssuedKey":"2003","dateIssuedDisp":"2003"}],"relHost":[{"id":{"eki":["300595697"],"zdb":["1483128-4"],"issn":["1557-7465"]},"origin":[{"publisherPlace":"Larchmont, NY","dateIssuedKey":"1995","publisher":"Liebert","dateIssuedDisp":"1995-"}],"physDesc":[{"extent":"Online-Ressource"}],"title":[{"title_sort":"Journal of interferon & cytokine research","title":"Journal of interferon & cytokine research"}],"language":["eng"],"recId":"300595697","disp":"Lack of proapoptotic activity of soluble CD95 ligand is due to its failure to induce CD95 oligomersJournal of interferon & cytokine research","type":{"media":"Online-Ressource","bibl":"periodical"},"titleAlt":[{"title":"Journal of interferon and cytokine research"}],"part":{"issue":"8","pages":"441-447","year":"2003","extent":"7","volume":"23","text":"23(2003), 8, Seite 441-447"},"pubHistory":["15.1995 -"]}],"physDesc":[{"extent":"7 S."}],"person":[{"family":"Jang","given":"Sihyug","display":"Jang, Sihyug","roleDisplay":"VerfasserIn","role":"aut"},{"family":"Krammer","given":"Peter H.","roleDisplay":"VerfasserIn","display":"Krammer, Peter H.","role":"aut"},{"role":"aut","roleDisplay":"VerfasserIn","display":"Salgame, Padmini","given":"Padmini","family":"Salgame"}],"title":[{"title_sort":"Lack of proapoptotic activity of soluble CD95 ligand is due to its failure to induce CD95 oligomers","title":"Lack of proapoptotic activity of soluble CD95 ligand is due to its failure to induce CD95 oligomers"}],"recId":"1753333377","language":["eng"],"note":["Published online: 7 Jul 2004","Elektronische Reproduktion der Druck-Ausgabe","Gesehen am 08.04.2021"],"type":{"media":"Online-Ressource","bibl":"article-journal"}} | ||
| SRT | |a JANGSIHYUGLACKOFPROA2003 | ||